000 00914cam a2200313 4500
001 B892
008 090401t1986 xxu||||| |||| 00| 0 eng d
035 _a(Sirsi) u38568
041 _aeng
050 _a331.2166
090 _aRICS 1986/53 ABC
110 _aChartered Institute of Public Finance and Accountancy
_92136
245 4 _aThe use and abuse of fee competition. Conference at RICS Westminster Centre, 26 November 1986.
260 _c1986
300 _a8 papers
350 _a0
520 _aConference organised by STS.
700 _aHarris, C.
700 _aHinchcliffe, J.L.
700 _aHutchinson, D.A.
700 _aLee, D.R.
700 _aSmith, G.A.J.
700 _aSouthgate, A.C.
700 _aWhimster, K.W.
700 _aWilliams, G.M.J.
710 _aRoyal Institution of Chartered Surveyors
_bQuantity Surveyors' Division
_91263
942 _n0
948 _c04/03/1997
999 _c90662
_d90662